000 01106 a2200241 4500
001 120869
020 _a9781409507130
040 _cEscola Canadense de Niteroi
090 _aW1 - MAC
100 _aMackinnon, Mairi
245 1 0 _aWild school
250 _a1st. ed.
260 _aLondon
300 _a32 p.
_c5 x 0.35 x 7.95 inches (hardcover)
362 0 _a2010
490 0 _aUsborne very first reading
520 _aThe eleventh title in the new "Usborne Very First Reading" series, designed for younger children to introduce them to reading together with their parents. Parents and children take turns to read from the page (the text clearly marked for who should be reading) and as the books progress in the series the adults read less and less and the child more and more. There are puzzles at the end to check the child's understanding of the text and guidance notes for the parents. Beautiful illustrations help to motivate beginner readers.
650 4 _aChildren's Literature
650 4 _aInteractive Books
650 4 _aSchool Life
650 4 _aBeginner Readers
942 _cBK
999 _c120869
_d120869